The Last 100 Days / (Record no. 187191)

000 -LEADER
fixed length control field 00555 a2200169 4500
003 - CONTROL NUMBER IDENTIFIER
control field NUST
005 - DATE AND TIME OF LATEST TRANSACTION
control field 20230131131744.0
040 ## - CATALOGING SOURCE
Transcribing agency Nust
082 ## - DEWEY DECIMAL CLASSIFICATION NUMBER
Classification number 940.546,TOL
100 ## - MAIN ENTRY--PERSONAL NAME
Personal name Toland, John
9 (RLIN) 108237
245 ## - TITLE STATEMENT
Title The Last 100 Days /
Statement of responsibility, etc. John Tiland
260 ## - PUBLICATION, DISTRIBUTION, ETC.
Place of publication, distribution, etc. London
Name of publisher, distributor, etc. Arthur Barker ltd
Date of publication, distribution, etc. 1965
300 ## - PHYSICAL DESCRIPTION
Extent 622:p.
505 ## - FORMATTED CONTENTS NOTE
Formatted contents note Part-1: The Great Offensive (Page-1), Part-2: Drive from the Eest (Page-171), Part-3: East Meets West (Page-337), Part-4: Wingless Victory (Page-463).
650 ## - SUBJECT ADDED ENTRY--TOPICAL TERM
Topical term or geographic name entry element The Last 100 Days
9 (RLIN) 108238
942 ## - ADDED ENTRY ELEMENTS (KOHA)
Source of classification or shelving scheme
Koha item type Book
Call number prefix 940.546,TOL
Holdings
Withdrawn status Lost status Source of classification or shelving scheme Damaged status Not for loan Permanent Location Current Location Shelving location Date acquired Full call number Barcode Date last seen Price effective from Koha item type Public note
          Military College of Signals (MCS) Military College of Signals (MCS) General Stacks 12/12/2016 940.546,TOL MCS29717 12/08/2016 12/12/2016 Book Almirah No.60, Shelf No.4
© 2023 Central Library, National University of Sciences and Technology. All Rights Reserved.